Correct titles of plats filed in the Register's Office of Hennepin County, Minnesota, prior to September 1, 1890. (Record no. 52004)

MARC details
000 -LEADER
fixed length control field 00949cam a22002651 4500
001 - CONTROL NUMBER
control field rc 01001116
003 - CONTROL NUMBER IDENTIFIER
control field DLC
005 - DATE AND TIME OF LATEST TRANSACTION
control field 20260227111902.0
008 - FIXED-LENGTH DATA ELEMENTS--GENERAL INFORMATION
fixed length control field 930308s1890 mnu 000 0 eng
010 ## - LIBRARY OF CONGRESS CONTROL NUMBER
LC control number rc 01001116
035 ## - SYSTEM CONTROL NUMBER
System control number (OCoLC)27690069
040 ## - CATALOGING SOURCE
Original cataloging agency DLC
Transcribing agency MnHi
Modifying agency DLC
042 ## - AUTHENTICATION CODE
Authentication code premarc
043 ## - GEOGRAPHIC AREA CODE
Geographic area code n-us-mn
050 00 - LIBRARY OF CONGRESS CALL NUMBER
Classification number HD266.M6
Item number M5
052 ## - GEOGRAPHIC CLASSIFICATION
Geographic classification area code 4143
Geographic classification subarea code H4
110 2# - MAIN ENTRY--CORPORATE NAME
Corporate name or jurisdiction name as entry element Minnesota Title Insurance and Trust Company (Minneapolis, Minn.).
245 10 - TITLE STATEMENT
Title Correct titles of plats filed in the Register's Office of Hennepin County, Minnesota, prior to September 1, 1890.
260 ## - PUBLICATION, DISTRIBUTION, ETC.
Place of publication, distribution, etc. Minneapolis,
Name of publisher, distributor, etc. Minnesota Title Insurance and Trust Company,
Date of publication, distribution, etc. 1890.
300 ## - PHYSICAL DESCRIPTION
Extent 110 p. ;
Dimensions 20 cm.
500 ## - GENERAL NOTE
General note Title on cover: Names of plats, hints on land transfers.
650 #0 - SUBJECT ADDED ENTRY--TOPICAL TERM
Topical term or geographic name entry element Real property
Geographic subdivision Minnesota
-- Hennepin County.
710 1# - ADDED ENTRY--CORPORATE NAME
Corporate name or jurisdiction name as entry element Hennepin County (Minn.).
Subordinate unit Register's Office.
740 0# - ADDED ENTRY--UNCONTROLLED RELATED/ANALYTICAL TITLE
Uncontrolled related/analytical title Names of plats, hints on land transfers.

No items available.

Powered by Koha